Trnavské právnické debaty: uznesenia valného zhromaždenia kapitálovej obchodnej spoločnosti a ich súdna kontrola
Judikatúra najvyššieho súdu k uzneseniam valného zhromaždenia sa v posledných rokoch vyvíja míľovými krokmi. Vytvára sa priestor na prehodnotenie právnej povahy uznesenia valného zhromaždenia kapitálovej obchodnej spoločnosti (najmä spoločnosti s ručením obmedzeným), hlasovania na ňom a súdnej kontr...
Uložené v:
| Hlavný autor: | |
|---|---|
| Médium: | Kapitola |
| Jazyk: | Slovak |
| Predmet: | |
| Tagy: |
Žiadne tagy, Buďte prvý, kto otaguje tento záznam!
|
MARC
| LEADER | 00000naa a2200000 4500 | ||
|---|---|---|---|
| 001 | 0303309 | ||
| 005 | 20240801091939.9 | ||
| 041 | 0 | |a slo | |
| 044 | |a SK | ||
| 245 | 1 | 0 | |a Trnavské právnické debaty: uznesenia valného zhromaždenia kapitálovej obchodnej spoločnosti a ich súdna kontrola |c Kristián Csach |
| 520 | |a Judikatúra najvyššieho súdu k uzneseniam valného zhromaždenia sa v posledných rokoch vyvíja míľovými krokmi. Vytvára sa priestor na prehodnotenie právnej povahy uznesenia valného zhromaždenia kapitálovej obchodnej spoločnosti (najmä spoločnosti s ručením obmedzeným), hlasovania na ňom a súdnej kontroly uznesenia. | ||
| 610 | 2 | 0 | |a zhromaždenia valné |
| 610 | 2 | 0 | |a spoločnosti obchodné |
| 610 | 2 | 0 | |a spoločnosti kapitálové |
| 610 | 2 | 0 | |a kontrola |
| 610 | 2 | 0 | |a spoločníci |
| 610 | 2 | 0 | |a úkony právne |
| 100 | 1 | |a Csach, Kristián | |